| 000 | 00400nam a22001217a 4500 | ||
|---|---|---|---|
| 082 | _aTHE 200 | ||
| 100 |
_aKASHIF RAHIM _915613 |
||
| 245 | _aTH-SOF-0978-DESIGN AND DEVELOPMENT OF A SUSPENDED BRIDGE AND THERMAL ISOLATION STRUCTURE FOR MICROBOLOMETER IRFPA | ||
| 260 |
_aNUST COLLEGE OF EME _bISLAMABAD _c2001 |
||
| 650 | _a MS-ELECT-67 MSTHESIS | ||
| 700 |
_aDR SHAHZAD HUSSAIN _916182 |
||
| 942 | _cCF | ||
| 999 |
_c578647 _d578647 |
||